LEADER 01679nlm 2200337Ia 450 001 996408049603316 005 20210323102225.0 010 $a9780521522564 100 $a20170720e20021997 uy 0 101 0 $aeng 102 $aUK 135 $adrcnu 200 1 $a<> Balkan economies c. 1800-1914$eevolution without development$fMichael Palairet 210 1 $aCambridge$cCambridge University Press$d1997 215 $aTesto elettronico (PDF) (XVI, 415 p. : ill.) 225 2 $aCambridge studies in modern economic history$v6 230 $aBase dati testuale 330 $aIl testo mette a confronto il progresso economico di Serbia, Bulgaria, Bosnia, Montenegro e Macedonia nel secolo prima della prima guerra mondiale, declino piuttosto che crescita, almeno dalla metą del diciannovesimo secolo. Questo studio completo dell'evoluzione economica dei Balcani suggerisce che gli imperi ottomano e asburgico, fornendo un quadro di ordine e diritti di proprietą, fecero di pił per lo sviluppo agricolo e industriale dei successivi governi regionali e nazionalisti. Basato su una ricerca approfondita, questo libro promette di essere la storia economica definitiva dei Balcani. 410 0$aACLS Humanities E-Book. 410 0$aCambridge studies in modern economic history$v, 6 606 0 $2BNCF$anull 607 $aPaesi balcanici$xEconomia$xStoria$z1800-1914$2BNCF 676 $a330.9496 700 1$aPALAIRET,$bMichael R.$0140296 712 02$aAmerican Council of Learned Societies. 801 0$bcba$aIT$bcba$gREICAT 912 $a996408049603316 959 $aEB 969 $aER 996 $aBalkan economies, c. 1800-1914$9195091 997 $aUNISA LEADER 01699nam 2200589 450 001 9910137427303321 005 20230808212927.0 010 $a1-5231-2386-9 010 $a1-118-76642-3 010 $a1-118-76628-8 035 $a(CKB)3710000000538849 035 $a(EBL)4205797 035 $a(SSID)ssj0001594442 035 $a(PQKBManifestationID)16290666 035 $a(PQKBTitleCode)TC0001594442 035 $a(PQKBWorkID)14881505 035 $a(PQKB)11400247 035 $a(PQKBManifestationID)16294646 035 $a(PQKB)23406525 035 $a(MiAaPQ)EBC4205797 035 $a(DLC) 2015044241 035 $a(Au-PeEL)EBL4205797 035 $a(CaPaEBR)ebr11148379 035 $a(CaONFJC)MIL881803 035 $a(OCoLC)933265571 035 $a(EXLCZ)993710000000538849 100 $a20160205h20162016 uy 0 101 0 $aeng 135 $aur|n|---||||| 181 $ctxt 182 $cc 183 $acr 200 10$aWelding engineering $ean introduction /$fDavid H. Phillips 210 1$aWest Sussex, England :$cWiley,$d2016. 210 4$d©2016 215 $a1 online resource (292 p.) 300 $aDescription based upon print version of record. 311 $a1-119-19140-8 311 $a1-118-76644-X 320 $aIncludes bibliographical references at the end of each chapters and index. 606 $aWelding 615 0$aWelding. 676 $a671.5/2 686 $aTEC006000$2bisacsh 700 $aPhillips$b David H$c(Welding instructor),$0272908 801 0$bMiAaPQ 801 1$bMiAaPQ 801 2$bMiAaPQ 906 $aBOOK 912 $a9910137427303321 996 $aWelding engineering$92044003 997 $aUNINA